Toda REMIX - Alex Rose, Cazzu, Lenny Tavárez, Lyanno, Rauw Alejandro - Estadísticas

Estadísticas generales
  • Esta prueba ha sido intentada 35 veces
  • La puntuación promedio es 571 de 772
Estadísticas de respuestas
Letra % Correcto
a
100%
A
100%
con
100%
en
100%
En
100%
la
100%
La
100%
lo
100%
Lo
100%
o
100%
beso
88%
cara
88%
comerte
88%
Como
88%
como
88%
Cómo
88%
conmigo
88%
Conmigo
88%
conozco
88%
de
88%
di
88%
el
88%
Él
88%
él
88%
El
88%
eres
88%
es
88%
Es
88%
esta
88%
hace
88%
le
88%
me
88%
Me
88%
medias
88%
88%
mi
88%
No
88%
no
88%
noche
88%
nos
88%
pa
88%
Pa
88%
pero
88%
por
88%
Por
88%
porque
88%
Porque
88%
que
88%
qué
88%
Que
88%
Qué
88%
Quédate
88%
quédate
88%
quiere
88%
quiero
88%
Quiero
88%
88%
se
88%
88%
88%
Si
88%
si
88%
Siempre
88%
te
88%
Te
88%
ti
88%
To
88%
to
88%
toda
88%
tu
88%
88%
88%
Tu
88%
y
88%
Y
88%
Yo
88%
yo
88%
aparenta
75%
bajo
75%
bebé
75%
cabrón
75%
comemo
75%
comentan
75%
correas
75%
da
75%
desde
75%
Dime
75%
dime
75%
Ese
75%
ese
75%
eso
75%
estás
75%
gana
75%
Hay
75%
hay
75%
hoy
75%
Hoy
75%
les
75%
luna
75%
mala
75%
mojo
75%
mucho
75%
mundo
75%
ninguna
75%
para
75%
picheo
75%
puedes
75%
queremos
75%
quieres
75%
Sabe
75%
sabes
75%
seas
75%
ser
75%
Seré
75%
sólo
75%
sumisa
75%
tiene
75%
todas
75%
tuyo
75%
Ven
75%
veo
75%
Ya
75%
ya
75%
al
63%
antes
63%
avisa
63%
Bebecita
63%
bebecita
63%
bellaqueamo
63%
besa
63%
buscarte
63%
Bye
63%
camisa
63%
cinturón
63%
comemos
63%
comportes
63%
Contigo
63%
contigo
63%
cruzé
63%
cuando
63%
Cuando
63%
cuándo
63%
cuenta
63%
desabroche
63%
dices
63%
equivoqué
63%
esa
63%
extremo
63%
fantasías
63%
feka
63%
High
63%
high
63%
jevo
63%
joven
63%
las
63%
linea
63%
los
63%
muchas
63%
mujeres
63%
necesitas
63%
novio
63%
película
63%
pone
63%
ponerte
63%
ponértelo
63%
posiciones
63%
prefiere
63%
Prepárate
63%
provoqué
63%
puesto
63%
ridícula
63%
saco
63%
selfie
63%
sientes
63%
Snapchat
63%
tengo
63%
tiempo
63%
tirándome
63%
tus
63%
un
63%
Un
63%
una
63%
vamo
63%
vemos
63%
vida
63%
Voy
63%
voy
63%
Apreciando
50%
así
50%
Baby
50%
bajarte
50%
cama
50%
camino
50%
cancione
50%
casa
50%
cojone
50%
corría
50%
cristales
50%
desnudez
50%
Esposas
50%
estamo
50%
hasta
50%
Hasta
50%
hicieron
50%
Kush
50%
lento
50%
llama
50%
llamarme
50%
mis
50%
podere
50%
Prender
50%
prisa
50%
queso
50%
sales
50%
seca
50%
Sin
50%
solas
50%
soltarás
50%
tranquila
50%
tuve
50%
van
50%
venías
50%
adicta
38%
animale
38%
aunque
38%
besamo
38%
bien
38%
Bruto
38%
bruto
38%
colmo
38%
condón
38%
corresponde
38%
decirle
38%
del
38%
descubrí
38%
detiene
38%
disfrutamos
38%
dos
38%
Envíame
38%
gente
38%
hacemo
38%
maltratarte
38%
más
38%
miento
38%
momento
38%
movimiento
38%
nota
38%
Olvidándono
38%
palabra
38%
picheale
38%
Prefieres
38%
quedarte
38%
quitarme
38%
Rápido
38%
reloj
38%
repetimos
38%
siento
38%
solita
38%
soy
38%
Soy
38%
supe
38%
viene
38%
yeh
38%
12
25%
Además
25%
amarte
25%
anormale
25%
aquella
25%
aquí
25%
cerquita
25%
corazones
25%
cuento
25%
descubren
25%
fuésemo
25%
gritabas
25%
haciéndolo
25%
late
25%
lengua
25%
mami
25%
mil
25%
noches
25%
nombre
25%
papi
25%
piel
25%
Prendiendo
25%
quieras
25%
razones
25%
sexo
25%
somo
25%
subir
25%
supiste
25%
tómate
25%
toto
25%
uno
25%
usando
25%
vas
25%
veces
25%
voz
25%
algo
13%
cambió
13%
cielo
13%
comerme
13%
comernos
13%
dejarlo
13%
desarmo
13%
destino
13%
diciéndono
13%
ella
13%
fumar
13%
gano
13%
habla
13%
imagina
13%
olvídate
13%
plane
13%
planes
13%
reclame
13%
rico
13%
Tienes
13%
vernos
13%
volver
13%
cómeme
0%
estoy
0%
lógico
0%
nueve
0%
sesenta
0%
No se encontraron pruebas coincidentes
Distribución de puntuación
Porcentaje de gente con cada puntuación
Porcentaje por número respondido
Historial de tus puntuaciones
No has intentado esta prueba.